| 000 | 00883nam a2200301 a 4500 | ||
|---|---|---|---|
| 001 | 000039056 | ||
| 003 | DO-SdBNP | ||
| 005 | 20180226081554.0 | ||
| 007 | 000039056 | ||
| 008 | 090917s1982 dr a 000 0 spa d | ||
| 020 | _a8402085148 | ||
| 040 |
_aBPMSU _bspa _cBPMSU |
||
| 092 |
_a843 _bD886d |
||
| 100 | 1 |
_aDumas, Alejandro, _d 1802-1870 |
|
| 240 |
_aLa dame aux camelias _lespañol |
||
| 245 | 1 | 3 |
_aLa dama de las camelias / _cAlejandro Dumas.;traducción Ana María Moix |
| 260 |
_aBarcelona : _bBruguera _c1982 |
||
| 300 |
_a255 p. ; _c21 cm. |
||
| 490 |
_aLibor amigo _v80 |
||
| 650 | 4 | _aNOVELA FRANCESA | |
| 650 | 4 | _aLITERATURA FRANCESA | |
| 700 |
_4Moix, Ana María _etr. |
||
| 830 |
_lLibro amigo _v |
||
| 942 |
_2ddc _cBK |
||
| 945 | _ainventariado, 2018 / dg | ||
| 956 |
_aVMATEO _b10 _c20151125 _lBPMSU _h00151 |
||
| 956 | _aValidado. Control de calidad MFF | ||
| 999 |
_c8922 _d8922 |
||